000 00713nam a2200217 a 4500
001 000022675
005 20240503073631.0
008 101014s1997 es 001 0 spa d
020 _a8423988023
040 _aDO-SdBNP
_bspa
_cBNPHU
082 _axxxx
_bC419n
100 1 _aCervantes Saavedra, Miguel de,
_d1547-1616
_93070
245 1 0 _aNovelas ejemplares ;
_bEntremeses /
_cMiguel de Cervantes.
260 _aMadrid, :
_bEditorial Espasa Calpe,
_c1997.
_fHuertas
300 _a607 p. ;
_c22 cm.
490 1 _aAntología de la literatura universal
563 _aVarias obras empaginadas en páginas continuas
740 2 _aEntremeses
830 0 _aAntología de la literatura universa
_946616
049 _aBNPD
999 _c22172
_d22172